Essays on sanskrit studies/ (Record no. 160787)

MARC details
000 -LEADER
fixed length control field 00634nam a22001937a 4500
005 - DATE AND TIME OF LATEST TRANSACTION
control field 20190301113015.0
010 ## - LCCN (DPL NO)
LC control number ENG-124800
020 ## - INTERNATIONAL STANDARD BOOK NUMBER
International Standard Book Number 9788186772874
Terms of availability 695.00
035 ## - SYSTEM CONTROL NUMBER
System control number EN-108332
037 ## - SOURCE OF ACQUISITION
Source of stock number/acquisition DBAD/PUB
082 ## - DEWEY DECIMAL CLASSIFICATION NUMBER
Classification number 891.2
100 ## - MAIN ENTRY--PERSONAL NAME
Personal name Acharya Anil Kumar
245 ## - TITLE STATEMENT
Title Essays on sanskrit studies/
Statement of responsibility, etc by Anil Kumar Acharya
260 ## - PUBLICATION, DISTRIBUTION, ETC. (IMPRINT)
Place of publication, distribution, etc New Delhi
Name of publisher, distributor, etc New Academic Publishers
Date of publication, distribution, etc 2016
270 ## - ADDRESS
Address 4760-61, 23, Ansari Road, Daryaganj
City New Delhi
Postal code 110002
Electronic mail address napindia@newacademicpublishers.com
300 ## - PHYSICAL DESCRIPTION
Extent ix,133p.
Dimensions 21cm(Hb)
500 ## - GENERAL NOTE
General note includes bibliographical references
942 ## - ADDED ENTRY ELEMENTS (KOHA)
Source of classification or shelving scheme Dewey Decimal Classification
Item type English Books
Classification part 891.2
Call number suffix ACH
Holdings
Withdrawn status Lost status Not for loan Collection code Home library Current library Date acquired Source of acquisition Cost, normal purchase price Full call number Barcode Copy number Cost, replacement price Koha item type
    Not For Loan Non-fiction D.B.Act.Division Ashok Vihar 11/02/2019 DBAD/PUB 695.00 891.2 ACH EN-108332 1 695.00 English Books

© Delhi Public Library
Hit Counter
free hit counter